Βρωμιωμένα επιβραδυντικά φλόγας στην Ευρώπη : πτυχιακή εργασία

Αποθηκεύτηκε σε:
Λεπτομέρειες βιβλιογραφικής εγγραφής
Κύριος συγγραφέας: Φεσά, Μαρία
Συγγραφή απο Οργανισμό/Αρχή: Πανεπιστήμιο Αιγαίου. Σχολή Περιβάλλοντος. Τμήμα Περιβάλλοντος
Άλλοι συγγραφείς: Καλαντζή, Όλγα-Ιωάννα (dgsf)
Μορφή: Thesis Βιβλίο
Γλώσσα:Greek
Δημοσίευση: 2008.
Θέματα:
Διαθέσιμο Online:http://hdl.handle.net/11610/10555
Ετικέτες: Προσθήκη ετικέτας
Δεν υπάρχουν, Καταχωρήστε ετικέτα πρώτοι!

MARC

LEADER 00000cam a2200000 i 4500
001 1/103032
008 090318s2008 gre d
035 |l 10103893 
040 |a GR-MY-UA  |b gre  |e aacr 
041 0 |a gre 
082 0 |a 363.73  |2 (22) 
100 1 |a Φεσά, Μαρία. 
245 1 0 |a Βρωμιωμένα επιβραδυντικά φλόγας στην Ευρώπη :   |b πτυχιακή εργασία /   |c επιμέλεια εργασίας: Φεσά Μαρία ; επιβλέπουσα καθηγήτρια: Καλαντζή Όλγα-Ιωάννα.  
260 |c 2008.  
300 |a 62 σ. :   |b σχ. ;   |c 30 εκ.  
502 |a Πτυχιακή εργασία – Πανεπιστήμιο Αιγαίου, Λέσβος, 2008. 
504 |a Βιβλιογραφία: σ. 50-62.  
650 0 0 |a Bromine compounds. 
650 0 0 |a Chemicals  |x Fire and fire prevention  |z Europe. 
650 0 0 |a Bromine compounds  |x Environmental aspects. 
650 0 0 |a Bromine compounds  |x Toxicology. 
650 0 0 |a Dissertations, Academic  |z Greece. 
700 1 |a Καλαντζή, Όλγα-Ιωάννα,  |e dgsf 
710 2 |a Πανεπιστήμιο Αιγαίου.   |b Σχολή Περιβάλλοντος.   |b Τμήμα Περιβάλλοντος. 
852 |a INST  |b LESVOS  |c DIATR  |e 20090318  |h 1179  |p 005100044604  |q 005100044604  |t DIE  |y 23 
852 |a INST  |b LESVOS  |c DIATR  |e 20090318  |h 1180  |p 005100044603  |q 005100044603  |t DIE  |y 23 
856 |u http://hdl.handle.net/11610/10555 
901 |a BIBL1-2009-1 
909 |a Λ  |b 130126 
909 |a Λ  |b 130127 
924 |a ΦΕΣΑ  |b ΜΑΡΙΑ  |y ΛΕΣΒΟΣ  |z 2008-11 
970 |a ΤΖΑΦΕΡΗ  |b ΕΥΑΓΓΕΛΙΑ  |z 2009/03/18